Practical Record/Cumulative Record for Basic BSc (Nursing) Course (Record no. 98296)
[ view plain ]
| 000 -LEADER | |
|---|---|
| fixed length control field | 00409nam a22001457a 4500 |
| 005 - DATE AND TIME OF LATEST TRANSACTION | |
| control field | 20230603123351.0 |
| 008 - FIXED-LENGTH DATA ELEMENTS--GENERAL INFORMATION | |
| fixed length control field | 230224b |||||||| |||| 00| 0 eng d |
| 041 ## - LANGUAGE CODE | |
| Language code of text/sound track or separate title | eng |
| 100 ## - MAIN ENTRY--PERSONAL NAME | |
| Author | Clement, I. |
| 245 ## - TITLE STATEMENT | |
| Title | Practical Record/Cumulative Record for Basic BSc (Nursing) Course |
| 260 ## - PUBLICATION, DISTRIBUTION, ETC. | |
| Name of publisher, distributor, etc. | Jaypee Brothers Medical Publisher |
| 300 ## - PHYSICAL DESCRIPTION | |
| Extent | 69P. |
| 942 ## - ADDED ENTRY ELEMENTS (KOHA) | |
| Koha item type | Compact Books |
| 650 ## - SUBJECT ADDED ENTRY--TOPICAL TERM | |
| Topical term or geographic name entry element | NURSING FOUNDATION |
| Withdrawn status | Lost status | Source of classification or shelving scheme | Damaged status | Not for loan | Home library | Current library | Date acquired | Vendor | Net Price | Total Checkouts | Barcode | Date last seen | Bill Date | Koha item type |
|---|---|---|---|---|---|---|---|---|---|---|---|---|---|---|
| Dewey Decimal Classification | Sitabai Nargundkar College of Nursing Nagpur | Sitabai Nargundkar College of Nursing Nagpur | 24/02/2023 | Complimentary copy by Jaypee Brothers Medical Publisher | 250.00 | SNCN-CB-10 | 05/05/2023 | Compact Books |